000 00612nam a22002057a 4500
003 OSt
005 20140310181925.0
008 130719t xxu||||| |||| 00| 0 eng d
050 _aLB 3051
_b.B854 2010
082 _aTR 371.26
_bB854 2010
100 _aBrigance, Albert H.
245 _aBrigance comprehensive inventory of basic skills II :
_bReading/ELA /
_cAlbert H. Brigance.
260 _aNorth Billerica, MA :
_bBrigance,
_cc2010.
300 _a370 p. ;
_bill. col. ;
_c29 cm.
521 _aFaculty
541 _j1
562 _e1
700 _aBrigance, Albert H.
942 _2lcc
_cBK-TR
_kTR
999 _c7149
_d7149